00265nam a22001097a 4500008004100000020001500041041000800056080000800064100000700072101000800079245006800087181018b xxu||||| |||| 00| 0 eng d a0060155078 aeng a370 a48 aedu aCollege The Undergraduate Experience In AmericacBoyer.E.L